Medicina maya en los altos de Chiapas (Record no. 10526)

MARC details
000 -CABECERA
campo de control de longitud fija 00989nam a2200277 a 4500
001 - NÚMERO DE CONTROL
campo de control BRL_1718
005 - FECHA Y HORA DE LA ÚLTIMA TRANSACCIÓN
campo de control 20190320211334.0
008 - DATOS DE LONGITUD FIJA--INFORMACIÓN GENERAL
campo de control de longitud fija 290514s1963----mx-abo####---#000-0#spa-#
041 ## - CÓDIGO DE LENGUA
Código de lengua del texto/banda sonora o título independiente spa
044 ## - CÓDIGO DEL PAÍS DE LA ENTIDAD EDITORA/PRODUCTORA
Código MARC del país mx
050 #4 - SIGNATURA TOPOGRÁFICA DE LA BIBLIOTECA DEL CONGRESO
Número de clasificación R465
Número de documento/Ítem .H65 1963
100 1# - ENTRADA PRINCIPAL--NOMBRE DE PERSONA
Nombre de persona Holland, William R.
Fechas asociadas al nombre 1928-1964
Forma completa/desarrollada del nombre [William Robert]
9 (RLIN) 27718
245 10 - MENCIÓN DE TÍTULO
Título Medicina maya en los altos de Chiapas
Resto del título un estudio del cambio socio-cultural
Mención de responsabilidad, etc. William R. Holland ; traducción por Daniel Cazes.
260 ## - PUBLICACIÓN, DISTRIBUCIÓN, ETC.
Lugar de publicación, distribución, etc. México
Nombre del editor, distribuidor, etc. Intituto Nacional Indigenista
Fecha de publicación, distribución, etc. 1963
300 ## - DESCRIPCIÓN FÍSICA
Extensión 321 p.
Otras características físicas il., mapas
Dimensiones 23 cm.
440 #0 - MENCIÓN DE SERIE/PUNTO DE ACCESO ADICIONAL--TÍTULO
Título Colección de Antropología Social
Designación de volumen o secuencia 2
9 (RLIN) 27719
500 ## - NOTA GENERAL
Nota general Au2057
500 ## - NOTA GENERAL
Nota general Traducción de: Highland maya native medicine : A study of culture change
500 ## - NOTA GENERAL
Nota general Estado físico: Camisa rota.
504 ## - NOTA DE BIBLIOGRAFÍA, ETC.
Nota de bibliografía, etc. Bibliografía: p. 304-311
650 14 - PUNTO DE ACCESO ADICIONAL DE MATERIA--TÉRMINO DE MATERIA
Término de materia o nombre geográfico como elemento de entrada Medicina
Subdivisión geográfica Chiapas (México)
9 (RLIN) 27720
650 14 - PUNTO DE ACCESO ADICIONAL DE MATERIA--TÉRMINO DE MATERIA
Término de materia o nombre geográfico como elemento de entrada Tzotziles
Subdivisión general Medicina
9 (RLIN) 27721
700 1# - PUNTO DE ACCESO ADICIONAL--NOMBRE DE PERSONA
Nombre de persona Cazes, Daniel
Término indicativo de función/relación tr.
9 (RLIN) 27722
902 ## - CATALOGADOR
Iniciales GRL
942 ## - ELEMENTOS DE PUNTO DE ACCESO ADICIONAL (KOHA)
Fuente del sistema de clasificación o colocación Library of Congress Classification
Tipo de ítem Koha Libros
Holdings
Estado de retiro Estado de pérdida Estado dañado No para préstamo Localización permanente Ubicación/localización actual Fecha de adquisición Número de inventario Total de préstamos Signatura topográfica completa Código de barras Fecha visto por última vez Precio válido a partir de Tipo de ítem Koha
El ejemplar forma parte de la colección y puede ser consultado según las políticas vigentes.       Biblioteca Centro de Estudios Ruth D. Lechuga Biblioteca Centro de Estudios Ruth D. Lechuga 29/05/2014 Au2057   R465 .H65 1963 (Au2057) GRL01884 22/03/2019 22/03/2019 Libros